| 000 | 00483nam a2200169Ia 4500 | ||
|---|---|---|---|
| 008 | 210423s2011 xx 000 0 und d | ||
| 020 | _a978-93-81335-08-6 | ||
| 041 | _aeng | ||
| 082 | _a658 MAHB | ||
| 100 | _aMAHESHWARI (Rajendra P);MAHAJAN (J P) | ||
| 245 | _aBusiness organisation and management | ||
| 260 |
_aNew Delhi _bInternational Book House _c2011 |
||
| 300 |
_a405 _bPB |
||
| 365 |
_b275 _cINR |
||
| 650 | _aManagement | ||
| 906 | _aBusiness ; management ; organisation | ||
| 999 |
_c166510 _d166510 |
||